JCP Štúrovo sa oficiálne stalo súčasťou silného európskeho celulózovo-papierenského koncernu
Nový názov spoločnosti Juhoslovenské celulózky a papierne (JCP), a.s. Štúrovo, schválený valným zhromaždením podniku, znie AssiDomän Packaging (AP), a.s. Štúrovo. Začlenenie JCP do európskeho celulózovo-papierenského koncernu. Úpravy v článkoch stanov spoločnosti. Hospodárenie spoločnosti.
Salvato in:
| Autore principale: | |
|---|---|
| Natura: | Capitolo di libro |
| Lingua: | slovacco |
| Soggetti: | |
| Tags: |
Nessun Tag, puoi essere il primo ad aggiungerne!!
|
MARC
| LEADER | 00000naa a2200000 4500 | ||
|---|---|---|---|
| 001 | r027664 | ||
| 005 | 20230921081052.9 | ||
| 041 | 0 | |a slo | |
| 044 | |a SK | ||
| 245 | 1 | 0 | |a JCP Štúrovo sa oficiálne stalo súčasťou silného európskeho celulózovo-papierenského koncernu |c P. Vašina |
| 520 | |a Nový názov spoločnosti Juhoslovenské celulózky a papierne (JCP), a.s. Štúrovo, schválený valným zhromaždením podniku, znie AssiDomän Packaging (AP), a.s. Štúrovo. Začlenenie JCP do európskeho celulózovo-papierenského koncernu. Úpravy v článkoch stanov spoločnosti. Hospodárenie spoločnosti. | ||
| 610 | 2 | 0 | |a priemysel celulózový |
| 610 | 2 | 0 | |a priemysel papiernický |
| 610 | 2 | 0 | |a podnik |
| 610 | 2 | 0 | |a firmy |
| 610 | 2 | 0 | |a akcie |
| 610 | 2 | 0 | |a akcionári |
| 610 | 2 | 0 | |a hospodárenie podnikové |
| 610 | 2 | 0 | |a Európa |
| 610 | 2 | 0 | |a Slovensko |
| 610 | 2 | 0 | |a Juhoslovenské celulózky a papierne, a.s. Štúrovo |
| 610 | 2 | 0 | |a AssiDomän Packaging, a.s. Štúrovo |
| 100 | 1 | |a Vašina, P. | |